00463nam a2200205Ia 4500008004100000020001600041050000900057050001600066100001800082245002000100245001800120260001200138260002100150260000900171300001700180300001100197650001400208650002200222650001300244170203s9999 xx 000 0 und d a0-590329944 aFic  b.B711F 1996 aBond, Felicia aTumble Bumble / cFelicia Bond. aU.S.A : bScholastic Inc., c1996 bcol. ill. ;  c25 cm. aAnimals-- aStories in rhyme. xFiction.